[Event "FIDE World Uni Blitz-A 1st"]
[Site "Tornelo INT"]
[Date "2021.03.13"]
[Round "3.22"]
[White "Kozybayeva, Alisa"]
[Black "Santiago Vilca, Christian Amilca"]
[Result "0-1"]
[WhiteElo "1704"]
[BlackElo "2257"]
[PlyCount "54"]
[EventDate "2021.03.13"]
[EventType "swiss (blitz)"]
[EventRounds "10"]
[EventCountry "NET"]
[SourceTitle "EXT 2022"]
[Source "ChessBase"]
[SourceDate "2021.10.06"]
[SourceVersion "1"]
[SourceVersionDate "2021.10.06"]
[SourceQuality "1"]

1. d4 Nf6 2. c4 g6 3. Nc3 Bg7 4. e4 d6 5. Be3 b6 6. Bd3 Bb7 7. Nf3 Nbd7 8. 0-0 0-0 9. h3 a5 10. Qd2 e5 11. d5 Nc5 12. Bxc5 dxc5 13. Nh2 Ne8 14. f4 exf4 15. Qxf4 Qe7 16. Rae1 Be5 17. Qf3 h5 18. Re2 Nd6 19. g4 h4 20. Nd1 b5 21. b3 a4 22. Ne3 axb3 23. axb3 Ra3 24. Bc2 bxc4 25. Nxc4 Nxc4 26. Rg2 Ne3 27. Qxe3 Bd4 0-1

[Event "FIDE World Uni Blitz-A 1st"]
[Site "Tornelo INT"]
[Date "2021.03.13"]
[Round "2.28"]
[White "Santiago Vilca, Christian Amilca"]
[Black "Belov, Aleksey"]
[Result "1-0"]
[WhiteElo "2257"]
[BlackElo "1749"]
[PlyCount "63"]
[EventDate "2021.03.13"]
[EventType "swiss (blitz)"]
[EventRounds "10"]
[EventCountry "NET"]
[SourceTitle "EXT 2022"]
[Source "ChessBase"]
[SourceDate "2021.10.06"]
[SourceVersion "1"]
[SourceVersionDate "2021.10.06"]
[SourceQuality "1"]

1. Nf3 g6 2. g3 Bg7 3. Bg2 d6 4. 0-0 e5 5. c4 Nc6 6. Nc3 Nge7 7. d3 0-0 8. Rb1 a5 9. a3 Be6 10. b4 axb4 11. axb4 Qd7 12. Ng5 Bf5 13. e4 Bg4 14. f3 Be6 15. Nxe6 Qxe6 16. Nd5 Qd7 17. Be3 Ra3 18. Rb3 Rfa8 19. Rxa3 Rxa3 20. f4 Nxd5 21. exd5 Nxb4 22. f5 Rxd3 23. Qe2 Rc3 24. Be4 Qa4 25. Bd2 Qa2 26. Qf2 Rxc4 27. fxg6 f6 28. gxh7+ Kh8 29. Bf5 Rd4 30. Bc3 Rc4 31. Bxb4 Rxb4 32. Qxa2 1-0

[Event "Pan American-ch U20"]
[Site "Cochabamba"]
[Date "2019.08.05"]
[Round "7"]
[White "Santiago Vilca, Christian Amilca"]
[Black "Benitez Galeano, Alejandro"]
[Result "1/2-1/2"]
[WhiteElo "2256"]
[BlackElo "2111"]
[PlyCount "91"]
[EventDate "2019.08.01"]
[EventType "swiss"]
[EventRounds "9"]
[EventCountry "BOL"]
[SourceTitle "EXT 2021"]
[Source "ChessBase"]
[SourceDate "2020.10.23"]
[SourceVersion "1"]
[SourceVersionDate "2020.10.23"]
[SourceQuality "1"]

1. d4 d5 2. c4 dxc4 3. e3 e5 4. Bxc4 Nc6 5. Nf3 e4 6. Nfd2 Qg5 7. Nxe4 Qxg2 8. Ng3 Nf6 9. Bf1 Qd5 10. Nc3 Bb4 11. f3 0-0 12. Kf2 Qd8 13. Bg2 Re8 14. Nce2 Be6 15. e4 Qe7 16. Qc2 Rad8 17. Rd1 Bc8 18. Kf1 Ba5 19. Bf4 Bb6 20. Qc3 h6 21. Rac1 g5 22. Be3 Nb4 23. Qa3 Nbd5 24. Bf2 Qxa3 25. bxa3 Ne7 26. Nc3 c6 27. Nge2 Ng6 28. Na4 Bc7 29. Bg3 Re7 30. Kf2 h5 31. Rc5 g4 32. Bxc7 Rxc7 33. f4 Nh4 34. Rg5+ Kf8 35. e5 Nd5 36. Be4 f5 37. Rxh5 fxe4 38. Rxh4 Rf7 39. Nc5 Nxf4 40. Nxf4 Rxf4+ 41. Ke2 b6 42. Rh8+ Ke7 43. Rh7+ Ke8 44. Rh8+ Ke7 45. Rh7+ Ke8 46. Rh8+ 1/2-1/2

[Event "Pan American-ch U20"]
[Site "Cochabamba"]
[Date "2019.08.01"]
[Round "1"]
[White "Barja Viveros, Matias Ariel"]
[Black "Santiago Vilca, Christian Amilca"]
[Result "1-0"]
[WhiteElo "1544"]
[BlackElo "2256"]
[PlyCount "91"]
[EventDate "2019.08.01"]
[EventType "swiss"]
[EventRounds "9"]
[EventCountry "BOL"]
[SourceTitle "EXT 2020"]
[Source "ChessBase"]
[SourceDate "2019.10.17"]
[SourceVersion "1"]
[SourceVersionDate "2019.10.17"]
[SourceQuality "1"]

1. e4 c5 2. Nc3 e6 3. Bc4 Nc6 4. f4 Nf6 5. e5 d5 6. exd6 Bxd6 7. d3 a6 8. a4 0-0 9. Nge2 Re8 10. 0-0 Bf8 11. Ne4 Nd5 12. N2c3 Na5 13. Ba2 Nb4 14. Be3 Nxa2 15. Rxa2 b6 16. Ra1 f5 17. Ng5 h6 18. Nf3 Nc6 19. Qd2 Bb7 20. Rad1 Qf6 21. Qf2 Rad8 22. d4 cxd4 23. Nxd4 Na5 24. Nb3 Nc4 25. Bxb6 Rxd1 26. Nxd1 Nxb6 27. Qxb6 Re7 28. Nc3 g5 29. Rd1 Rg7 30. Nc5 Bxc5+ 31. Qxc5 gxf4 32. Rd2 f3 33. g3 f4 34. Qd6 Qf5 35. Qd8+ Kh7 36. Qd3 fxg3 37. Qxf5+ exf5 38. hxg3 f4 39. g4 h5 40. g5 Kg6 41. Nd5 Kxg5 42. Kf2 Kg4 43. Rd1 Bxd5 44. Rg1+ Kh3 45. Rxg7 h4 46. b4 1-0

[Event "Pan American-ch U18"]
[Site "Santiago de Chile"]
[Date "2018.07.25"]
[Round "5"]
[White "Santiago Vilca, Christian Amilca"]
[Black "Zambrano Acebo, Jean Carlos"]
[Result "0-1"]
[WhiteElo "2248"]
[BlackElo "2130"]
[PlyCount "45"]
[EventDate "2018.07.22"]
[EventType "swiss"]
[EventRounds "9"]
[EventCountry "CHI"]
[SourceTitle "EXT 2022"]
[Source "ChessBase"]
[SourceDate "2021.10.06"]
[SourceVersion "1"]
[SourceVersionDate "2021.10.06"]
[SourceQuality "1"]

1. d4 Nf6 2. c4 e6 3. Nf3 c5 4. d5 b5 5. dxe6 fxe6 6. cxb5 d5 7. g3 Bd6 8. Bg2 a6 9. bxa6 0-0 10. 0-0 Nc6 11. Nc3 Bxa6 12. Re1 Qc7 13. Bg5 Ng4 14. Bh3 h5 15. Bg2 Nd4 16. Qd2 Rf5 17. h3 Bxg3 18. fxg3 Qxg3 19. hxg4 Rxf3 20. Bh4 Qxg4 21. Qg5 Rg3 22. Qxg4 Rxg4 23. Be7 0-1

[Event "Pan American-ch U18"]
[Site "Santiago de Chile"]
[Date "2018.07.23"]
[Round "3"]
[White "Santiago Vilca, Christian Amilca"]
[Black "Rengifo Blancas, Renzo Jhonathan"]
[Result "1-0"]
[WhiteElo "2248"]
[BlackElo "2161"]
[PlyCount "87"]
[EventDate "2018.07.22"]
[EventType "swiss"]
[EventRounds "9"]
[EventCountry "CHI"]
[SourceTitle "EXT 2022"]
[Source "ChessBase"]
[SourceDate "2021.10.06"]
[SourceVersion "1"]
[SourceVersionDate "2021.10.06"]
[SourceQuality "1"]

1. d4 d5 2. Nf3 e6 3. c4 c5 4. cxd5 exd5 5. g3 Nc6 6. Bg2 Nf6 7. 0-0 Be7 8. Nc3 0-0 9. dxc5 Bxc5 10. Bg5 d4 11. Bxf6 Qxf6 12. Ne4 Qe7 13. Nxc5 Qxc5 14. Rc1 Qb6 15. Qc2 h6 16. Nd2 Be6 17. Nc4 Qc5 18. Qa4 Rac8 19. h3 Rfd8 20. Nd2 Qb6 21. Nb3 Nb4 22. Rfd1 Rxc1 23. Nxc1 Nxa2 24. Qa3 Nb4 25. Kh2 Rc8 26. Nd3 Nxd3 27. Qxd3 Rc4 28. Rd2 Qb4 29. Be4 b5 30. e3 f5 31. Bf3 dxe3 32. Qxe3 Bf7 33. Rd8+ Kh7 34. Rd7 Bg8 35. Qe5 Qf8 36. Rxa7 Rc5 37. Rxg7+ Qxg7 38. Qxc5 Qxb2 39. Qxf5+ Kh8 40. Kg2 b4 41. Qf8 b3 42. Qxh6+ Bh7 43. Bd5 Qe5 44. Qf8+ 1-0

[Event "Pan American-ch U18"]
[Site "Santiago de Chile"]
[Date "2018.07.22"]
[Round "1"]
[White "Santiago Vilca, Christian Amilca"]
[Black "Sandoval Meza, Pablo"]
[Result "1-0"]
[WhiteElo "2248"]
[BlackElo "1828"]
[PlyCount "74"]
[EventDate "2018.07.22"]
[EventType "swiss"]
[EventRounds "9"]
[EventCountry "CHI"]
[SourceTitle "EXT 2022"]
[Source "ChessBase"]
[SourceDate "2021.10.06"]
[SourceVersion "1"]
[SourceVersionDate "2021.10.06"]
[SourceQuality "1"]

1. d4 Nf6 2. c4 g6 3. Nc3 Bg7 4. e4 d6 5. Nf3 0-0 6. Be2 Bg4 7. 0-0 Nfd7 8. Be3 c5 9. d5 Na6 10. h3 Bxf3 11. Bxf3 Nc7 12. Be2 a6 13. a4 e5 14. a5 Ne8 15. Qd2 Qe7 16. Rab1 f5 17. f3 f4 18. Bf2 Bf6 19. Qe1 Rc8 20. Na4 Ng7 21. b4 Nh5 22. bxc5 Nxc5 23. Nxc5 dxc5 24. Rb6 Ng3 25. Bxg3 fxg3 26. Qxg3 Bg5 27. Rfb1 Rb8 28. Re6 Be3+ 29. Kf1 Qd8 30. Rbb6 Bf4 31. Rxg6+ Kh8 32. Qg4 hxg6 33. Rxg6 Qe7 34. g3 Rg8 35. gxf4 Rxg6 36. Qxg6 Qh4 37. fxe5 Qxh3+ 1-0

[Event "PER-ch U20"]
[Site "Lima"]
[Date "2018.04.20"]
[Round "2.3"]
[White "Santiago Vilca, Christian Amilca"]
[Black "Ccerhuayo Escobedo, Mels Leopold"]
[Result "1-0"]
[WhiteElo "2230"]
[BlackElo "1828"]
[PlyCount "57"]
[EventDate "2018.04.19"]
[EventType "swiss"]
[EventRounds "7"]
[EventCountry "PER"]
[SourceTitle "EXT 2024"]
[Source "ChessBase"]
[SourceDate "2023.10.10"]
[SourceVersion "1"]
[SourceVersionDate "2023.10.10"]
[SourceQuality "1"]

1. d4 Nf6 2. c4 e6 3. Nf3 d5 4. Nc3 Nbd7 5. Bg5 c6 6. e3 Bd6 7. Qc2 0-0 8. Rd1 dxc4 9. e4 Be7 10. Bxc4 b5 11. Bb3 Re8 12. 0-0 Qb6 13. e5 Nd5 14. Bxe7 Rxe7 15. Ne4 Bb7 16. Nc5 f5 17. exf6 gxf6 18. Rfe1 Nxc5 19. dxc5 Qc7 20. Nd4 Rae8 21. Qe4 a6 22. Qg4+ Kh8 23. Qf3 f5 24. Re2 Nf4 25. Red2 Nd5 26. Re1 Bc8 27. Rde2 Bd7 28. Bxd5 cxd5 29. Nxf5 1-0

[Event "Pan American-ch U16 27th"]
[Site "Montevideo"]
[Date "2016.07.25"]
[Round "1"]
[White "Santiago Vilca, Christian Amilca"]
[Black "Pinto, Daniel"]
[Result "1-0"]
[WhiteElo "2313"]
[BlackElo "2066"]
[PlyCount "76"]
[EventDate "2016.07.25"]
[EventType "swiss"]
[EventRounds "9"]
[EventCountry "URU"]
[SourceTitle "EXT 2017"]
[Source "ChessBase"]
[SourceDate "2016.10.25"]
[SourceVersion "1"]
[SourceVersionDate "2016.10.25"]
[SourceQuality "1"]

1. d4 Nf6 2. c4 c5 3. d5 d6 4. Nc3 g6 5. e4 Bg7 6. Nf3 0-0 7. Be2 a6 8. a4 h6 9. 0-0 e6 10. dxe6 fxe6 11. e5 dxe5 12. Nxe5 g5 13. Be3 Qc7 14. f4 Nh7 15. Ng6 Rd8 16. Qc1 Bd4 17. f5 Qg7 18. Bf3 Nf6 19. Re1 Nc6 20. Bxc6 bxc6 21. Bxd4 cxd4 22. Nd1 exf5 23. Ne7+ Kh8 24. Nxc6 Rd6 25. Re7 Qf8 26. Ne5 Kg8 27. Ng6 Qd8 28. c5 Re6 29. Qc4 Qd5 30. Rc1 Qe4 31. Nf2 Qe3 32. Rf1 Ng4 33. Rc7 Nxf2 34. Rxf2 d3 35. Ne7+ Kf8 36. Nxf5 Qe1+ 37. Rf1 Qxf1+ 38. Kxf1 Re5 1-0

[Event "Pan American-ch U20"]
[Site "Guatape"]
[Date "2016.06.24"]
[Round "7"]
[White "Santiago Vilca, Christian Amilca"]
[Black "Jimenez Garcia, Emanuel"]
[Result "1/2-1/2"]
[WhiteElo "2269"]
[BlackElo "2218"]
[PlyCount "104"]
[EventDate "2016.06.20"]
[EventType "swiss"]
[EventRounds "9"]
[EventCountry "COL"]
[SourceTitle "EXT 2017"]
[Source "ChessBase"]
[SourceDate "2016.10.25"]
[SourceVersion "1"]
[SourceVersionDate "2016.10.25"]
[SourceQuality "1"]

1. d4 Nf6 2. c4 b6 3. Nf3 Bb7 4. g3 g6 5. Bg2 Bg7 6. 0-0 0-0 7. Nbd2 c5 8. d5 e6 9. e4 exd5 10. exd5 b5 11. Ng5 Qb6 12. a4 bxc4 13. Nxc4 Qa6 14. Na3 h6 15. Ne4 Nxe4 16. Bxe4 Re8 17. Bg2 d6 18. Nb5 Qb6 19. Bf4 Bf8 20. b4 cxb4 21. Rc1 Na6 22. Nd4 Nc5 23. Be3 Ba6 24. Re1 b3 25. Rb1 b2 26. Bf1 Bxf1 27. Rxf1 Bg7 28. Nc6 Qa6 29. Bd4 Bxd4 30. Qxd4 Nxa4 31. Rfe1 Rf8 32. Re4 Nc5 33. Re3 Rae8 34. Ne7+ Kh7 35. Qxb2 Qc4 36. Rbe1 Rxe7 37. Rxe7 Qxd5 38. Qf6 Nd3 39. Rd1 Qb3 40. Qf3 Nc5 41. Qxb3 Nxb3 42. Rxd6 Kg7 43. Rxa7 Nc5 44. Rc6 Ne4 45. Rcc7 Nd6 46. Rd7 Nf5 47. g4 Nh4 48. f4 g5 49. fxg5 hxg5 50. Kf2 Ng6 51. h3 Ne5 52. Re7 Nc6 1/2-1/2

[Event "PER-ch U20"]
[Site "Lima"]
[Date "2016.04.24"]
[Round "9"]
[White "Correa Atucsa, Breiner Roiser"]
[Black "Santiago Vilca, Christian Amilca"]
[Result "1/2-1/2"]
[WhiteElo "2088"]
[BlackElo "2247"]
[PlyCount "43"]
[EventDate "2016.04.20"]
[EventType "swiss"]
[EventRounds "9"]
[EventCountry "PER"]
[SourceTitle "CBM 172 Extra"]
[Source "ChessBase"]
[SourceDate "2016.06.21"]
[SourceVersion "1"]
[SourceVersionDate "2016.06.21"]
[SourceQuality "1"]

1. d4 Nf6 2. c4 g6 3. g3 Bg7 4. Bg2 0-0 5. Nc3 d6 6. Nf3 Nc6 7. 0-0 Bf5 8. d5 Na5 9. Nd2 c5 10. e4 Bd7 11. Qc2 a6 12. b3 b5 13. Bb2 Rb8 14. Rab1 e6 15. dxe6 Bxe6 16. Nd5 Nc6 17. Rbd1 Nd4 18. Bxd4 cxd4 19. Nxf6+ Bxf6 20. cxb5 axb5 21. Nf3 Bg4 22. Rd3 1/2-1/2

[Event "PER-ch U20"]
[Site "Lima"]
[Date "2016.04.23"]
[Round "7"]
[White "Santiago Vilca, Christian Amilca"]
[Black "Quirhuayo Chumbe, German Gonzalo"]
[Result "1/2-1/2"]
[WhiteElo "2247"]
[BlackElo "2220"]
[PlyCount "78"]
[EventDate "2016.04.20"]
[EventType "swiss"]
[EventRounds "9"]
[EventCountry "PER"]
[SourceTitle "CBM 172 Extra"]
[Source "ChessBase"]
[SourceDate "2016.06.21"]
[SourceVersion "1"]
[SourceVersionDate "2016.06.21"]
[SourceQuality "1"]

1. d4 Nf6 2. c4 e6 3. Nf3 c5 4. d5 b5 5. dxe6 fxe6 6. cxb5 a6 7. e4 Nxe4 8. Nbd2 Nf6 9. bxa6 Bxa6 10. Bxa6 Rxa6 11. 0-0 Be7 12. Qe2 0-0 13. b3 Nd5 14. Ne4 Qc7 15. g3 Qa7 16. a3 Rb6 17. Nfd2 Nf6 18. Bb2 Nxe4 19. Qxe4 Bf6 20. Bxf6 gxf6 21. Qe3 Rc6 22. b4 Qb6 23. Rab1 cxb4 24. Qh6 Na6 25. axb4 Qb5 26. Ne4 e5 27. Qd2 Rb6 28. Nd6 Qc6 29. Rfd1 Qf3 30. Nc4 Rxb4 31. Qa2 d5 32. Ne3 Rxb1 33. Rxb1 Nc7 34. Rb7 Rf7 35. Qc2 Ne6 36. Qc8+ Nf8 37. Rxf7 Kxf7 38. Qb7+ Kg6 39. Nxd5 e4 1/2-1/2

[Event "PER-ch U20"]
[Site "Lima"]
[Date "2016.04.22"]
[Round "5"]
[White "Santiago Vilca, Christian Amilca"]
[Black "Rengifo Blancas, Renzo Jhonathan"]
[Result "1-0"]
[WhiteElo "2247"]
[BlackElo "2199"]
[PlyCount "99"]
[EventDate "2016.04.20"]
[EventType "swiss"]
[EventRounds "9"]
[EventCountry "PER"]
[SourceTitle "CBM 172 Extra"]
[Source "ChessBase"]
[SourceDate "2016.06.21"]
[SourceVersion "1"]
[SourceVersionDate "2016.06.21"]
[SourceQuality "1"]

1. d4 d5 2. c4 c6 3. Nf3 Nf6 4. Nc3 dxc4 5. e3 b5 6. a4 Qb6 7. axb5 cxb5 8. b3 e6 9. bxc4 bxc4 10. Bxc4 Bb4 11. Bd2 0-0 12. 0-0 Nc6 13. Na4 Qc7 14. Rc1 Qd6 15. Bb5 Ne7 16. Nc5 Ba3 17. Rc2 Bd7 18. Nxd7 Nxd7 19. e4 e5 20. Qa1 exd4 21. Bxd7 d3 22. Ra2 Bc5 23. Bb5 Rab8 24. Ra6 Bb6 25. Bc3 f6 26. Bd4 Kh8 27. Bxb6 axb6 28. Qa3 Rfd8 29. Qxd6 Rxd6 30. Rd1 Rbd8 31. Ra3 Nc6 32. Raxd3 Rxd3 33. Rxd3 Rxd3 34. Bxd3 Kg8 35. Nd2 Kf8 36. f4 Ke7 37. Nb3 Kd6 38. Kf2 h6 39. Ke3 g5 40. g3 Ne7 41. Bb5 Ng6 42. Bd3 Nf8 43. h4 Nd7 44. Kd4 Ke6 45. Bb5 Nf8 46. f5+ Kd6 47. Nd2 Ke7 48. Nc4 gxh4 49. gxh4 Nh7 50. Nxb6 1-0

[Event "PER-ch"]
[Site "Lima"]
[Date "2016.02.11"]
[Round "4"]
[White "Santiago Vilca, Christian Amilca"]
[Black "Fernandez, Fernando"]
[Result "0-1"]
[WhiteElo "2218"]
[BlackElo "2362"]
[PlyCount "78"]
[EventDate "2016.02.10"]
[EventType "swiss"]
[EventRounds "9"]
[EventCountry "PER"]
[SourceTitle "CBM 171 Extra"]
[Source "ChessBase"]
[SourceDate "2016.04.26"]
[SourceVersion "1"]
[SourceVersionDate "2016.04.26"]
[SourceQuality "1"]

1. d4 Nf6 2. c4 g6 3. Nc3 Bg7 4. e4 d6 5. Nf3 0-0 6. Be2 c6 7. 0-0 e5 8. Re1 Na6 9. Be3 Ng4 10. Bg5 Qe8 11. d5 f6 12. Bc1 c5 13. Nb5 Qe7 14. h3 Nh6 15. Be3 Nf7 16. Qd2 f5 17. exf5 gxf5 18. Bf1 Qf6 19. Bg5 Nxg5 20. Nxg5 e4 21. Rab1 Bh6 22. h4 Bd7 23. Qc3 Bxb5 24. cxb5 Nc7 25. Qxf6 Rxf6 26. f3 exf3 27. Nxf3 Kf8 28. Bc4 Re8 29. Rxe8+ Kxe8 30. b4 cxb4 31. Rxb4 Rg6 32. Kf2 Rg4 33. a3 Bc1 34. Ra4 Nxd5 35. b6 Be3+ 36. Ke1 Bxb6 37. Bb3 Ne3 38. h5 Rxg2 39. Nd4 Rb2 0-1

[Event "South America-ch U18 12th"]
[Site "Santa Cruz"]
[Date "2015.12.06"]
[Round "8"]
[White "Avila Pavas, Santiago"]
[Black "Santiago Vilca, Christian Amilca"]
[Result "1/2-1/2"]
[WhiteElo "1957"]
[BlackElo "2123"]
[PlyCount "83"]
[EventDate "2015.12.02"]
[EventType "swiss"]
[EventRounds "9"]
[EventCountry "BOL"]
[SourceTitle "CBM 170 Extra"]
[Source "ChessBase"]
[SourceDate "2016.02.25"]
[SourceVersion "1"]
[SourceVersionDate "2016.02.25"]
[SourceQuality "1"]

1. d4 Nf6 2. Bf4 g6 3. e3 Bg7 4. Nf3 0-0 5. Be2 d5 6. 0-0 c5 7. Nc3 c4 8. b3 cxb3 9. axb3 Nc6 10. h3 Bf5 11. Na4 Ne4 12. c4 Bd7 13. Nd2 Nxd2 14. Qxd2 e5 15. dxe5 dxc4 16. Nc5 Bc8 17. Qxd8 Rxd8 18. Bxc4 b6 19. Ne4 Nxe5 20. Bxe5 Bxe5 21. Rad1 Rf8 22. f4 Bb2 23. g4 h6 24. Rd6 Bb7 25. Ng3 Kg7 26. Rfd1 Rae8 27. Kf2 Ba3 28. Rd7 Bc8 29. Rc7 Bc5 30. Rd3 Re7 31. Rxe7 Bxe7 32. Ne4 a6 33. Rd4 b5 34. Bd3 Be6 35. f5 Rc8 36. Nd2 Bf6 37. Rd6 Rd8 38. Rxd8 Bxd8 39. Ne4 Be7 40. Nc5 Bc8 41. Ke2 a5 42. Bxb5 1/2-1/2

[Event "South America-ch U18 12th"]
[Site "Santa Cruz"]
[Date "2015.12.03"]
[Round "3"]
[White "Sanchez Sandoval, Gonzalo"]
[Black "Santiago Vilca, Christian Amilca"]
[Result "1/2-1/2"]
[WhiteElo "2154"]
[BlackElo "2123"]
[PlyCount "30"]
[EventDate "2015.12.02"]
[EventType "swiss"]
[EventRounds "9"]
[EventCountry "BOL"]
[SourceTitle "CBM 170 Extra"]
[Source "ChessBase"]
[SourceDate "2016.02.25"]
[SourceVersion "1"]
[SourceVersionDate "2016.02.25"]
[SourceQuality "1"]

1. e4 c5 2. Nf3 e6 3. d4 cxd4 4. Nxd4 a6 5. Bd3 Nf6 6. 0-0 Qc7 7. Qe2 d6 8. f4 g6 9. Nc3 Bg7 10. e5 Nfd7 11. f5 Nxe5 12. fxe6 Bxe6 13. Nxe6 fxe6 14. Ne4 Nbd7 15. Bg5 Rf8 1/2-1/2

[Event "Pan American-ch U20"]
[Site "San Salvador"]
[Date "2015.07.17"]
[Round "3"]
[White "Ampie, Mauro"]
[Black "Santiago Vilca, Christian Amilca"]
[Result "1-0"]
[WhiteElo "2193"]
[BlackElo "1922"]
[PlyCount "105"]
[EventDate "2015.07.16"]
[EventType "swiss"]
[EventRounds "9"]
[EventCountry "ESA"]
[SourceTitle "EXT 2016"]
[Source "ChessBase"]
[SourceDate "2015.10.08"]
[SourceVersion "1"]
[SourceVersionDate "2015.10.08"]
[SourceQuality "1"]

1. e4 c5 2. Nc3 Nc6 3. f4 g6 4. Nf3 Bg7 5. Be2 e6 6. d4 cxd4 7. Nb5 d6 8. Nfxd4 Nxd4 9. Nxd4 a6 10. Be3 Ne7 11. Qd2 d5 12. e5 f6 13. exf6 Bxf6 14. 0-0-0 Nc6 15. Nf3 Qe7 16. h4 h5 17. Bd3 Qg7 18. c3 b5 19. Rhg1 b4 20. c4 b3 21. a3 Bb7 22. cxd5 Ne7 23. dxe6 0-0 24. Kb1 Rfd8 25. Qe2 Nd5 26. Bc1 Qe7 27. Ne5 Qxe6 28. g4 Rac8 29. Bf5 Qe7 30. Bxc8 Rxc8 31. gxh5 Rxc1+ 32. Rxc1 Nxf4 33. Qc4+ Nd5 34. Nxg6 Qd6 35. Qxb3 Qb6 36. Qxb6 Nxb6 37. Rge1 Bd5 38. Ne7+ Kf7 39. Nxd5 Nxd5 40. Rc4 Kg7 41. Rg1+ Kf7 42. Rf1 Kg7 43. Rg4+ Kh7 44. Rxf6 Nxf6 45. Rg5 Ne4 46. b4 Nc3+ 47. Kc2 Nb5 48. Rxb5 axb5 49. a4 bxa4 50. b5 Kh6 51. b6 Kxh5 52. b7 Kxh4 53. b8Q 1-0